000
00204 a2200097 4500
001
49602
100
_a
Blair
245
_a
Factual prose
260
_a
Chicago
_b
Freshman Company
_c
090
_c
32122
_d
32122
942
_a
NUST-CAE
_c
M
_c
24584
999
_c
284675
_d
284675